Match the Character to the TV Show #2 - Statistics

General Stats
  • This quiz has been taken 31 times
  • The average score is 10 of 24
Answer Stats
Hint Answer % Correct
Barney Rubble The Flintstones
92%
Karen Plankton SpongeBob Squarepants
88%
Gregory House House M.D.
83%
Michael Scott The Office (US)
67%
Princess Bubblegum Adventure Time
63%
Cliff Clavin Cheers
58%
Barney Stinson How I Met Your Mother
58%
Edith Bunker All in the Family
54%
Don Draper Mad Men
50%
Barney Gumble The Simpsons
50%
Alan Harper Two and a Half Men
50%
Andy Sipowicz NYPD Blue
46%
David Brent The Office (UK)
38%
Charlie Kelly It’s Always Sunny in Philadelphia
33%
Kim Wexler Better Call Saul
25%
Muriel Bagge Courage the Cowardly Dog
21%
Peridot Steven Universe
21%
Lana Kane Archer
17%
Jeff Greene Curb Your Enthusiasm
17%
Elliot Alderson Mr. Robot
17%
Benson Dunwoody Regular Show
17%
Todd Chavez BoJack Horseman
13%
Wesley T. Owens Mr. Belvedere
13%
Chris McLean Total Drama
8%
No matching quizzes found
Score Distribution
Percent of People with Each Score
Percentile by Number Answered
Your Score History
You have not taken this quiz